LEADER 02442nam 2200613Ia 450 001 9910788312303321 005 20200520144314.0 010 $a0-295-80468-8 035 $a(CKB)3170000000060237 035 $a(EBL)3444543 035 $a(SSID)ssj0001035674 035 $a(PQKBManifestationID)11992615 035 $a(PQKBTitleCode)TC0001035674 035 $a(PQKBWorkID)11030514 035 $a(PQKB)10971913 035 $a(MiAaPQ)EBC3444543 035 $a(OCoLC)854911348 035 $a(MdBmJHUP)muse25300 035 $a(Au-PeEL)EBL3444543 035 $a(CaPaEBR)ebr10738809 035 $a(CaONFJC)MIL810682 035 $a(OCoLC)932315618 035 $a(EXLCZ)993170000000060237 100 $a20130227d2013 uy 0 101 0 $aeng 135 $aur|n|---||||| 181 $ctxt 182 $cc 183 $acr 200 10$aExemplary figures$b[electronic resource] =$eFayan /$fYang Xiong ; Translated by Michael Nylan 205 $a1st ed. 210 $aSeattle $cUniversity of Washington Press$d2013 215 $a1 online resource (358 p.) 225 0 $aClassics of Chinese thought 300 $aDescription based upon print version of record. 311 $a0-295-99289-1 320 $aIncludes bibliographical references and index. 327 $a""Contents""; ""Acknowledgments""; ""Chronology of Dynasties""; ""Introduction""; ""Chapter 1. Learning and Practicing""; ""Chapter 2. Our Masters""; ""Chapter 3. Cultivating One's Person ""; ""Chapter 4. Asking about the Way""; ""Chapter 5. Asking about Divine Insight""; ""Chapter 6. Asking about Illumination""; ""Chapter 7. Things Rarely Seen""; ""Chapter 8. Every Five Hundred Years""; ""Chapter 9. Foresight""; ""Chapter 10. Chong and Li""; ""Chapter 11. Yan Hui and Min Ziqian""; ""Chapter 12. The Noble Man""; ""Chapter 13. Honoring the Ancestors, the Ultimate Duty"" 327 $a""Glossary of Names, Legendary and Historical""""Abbreviations""; ""Bibliography""; ""Index"" 410 0$aClassics of Chinese Thought 606 $aPhilosophy, Chinese 606 $aEthics$zChina 615 0$aPhilosophy, Chinese. 615 0$aEthics 676 $a181/.11 700 $aYang$b Xiong$f53 B.C.-18 A.D.$01532226 701 $aNylan$b Michael$0714137 801 0$bMiAaPQ 801 1$bMiAaPQ 801 2$bMiAaPQ 906 $aBOOK 912 $a9910788312303321 996 $aExemplary figures$93778312 997 $aUNINA LEADER 03574nas 2201021-a 450 001 996205324403316 005 20240413025825.0 035 $a(DE-599)ZDB2110352-5 035 $a(CKB)991042731782694 035 $a(CONSER)---94641053- 035 $a(EXLCZ)99991042731782694 100 $a19900503b19852017 --- a 101 0 $aeng 181 $ctxt$2rdacontent 182 $cc$2rdamedia 183 $acr$2rdacarrier 200 00$aAttacks on the press /$fCommittee to Protect Journalists 210 $aNew York, N.Y. $cCommittee to Protect Journalists$d1986-c2017 210 31$aHoboken, New Jersey :$cWiley :$cBloomberg Press 215 $a1 online resource 311 08$aPrint version: Attacks on the press / 1078-3334 (DLC) 94641053 (OCoLC)21473581 517 1 $aAttacks on the press in ... 531 0 $aAttacks press 606 $aJournalists$xCrimes against$vPeriodicals 606 $aFreedom of the press$vPeriodicals 606 $aCensorship$vPeriodicals 606 $aPress and politics$vPeriodicals 606 $aGovernment and the press$vPeriodicals 606 $aJournalists$xCrimes against$xPeriodicals 606 $aFreedom of the press$xPeriodicals 606 $aCensorship$xPeriodicals 606 $aGovernment and the press$xPeriodicals 606 $aLiberté de la presse$vPériodiques 606 $aJournalistes, Crimes contre les$vPériodiques 606 $aPresse et politique$vPériodiques 606 $acommunications profession$2eurovocen 606 $afreedom of the press$2eurovocen 606 $acensorship$2eurovocen 606 $aprofession de la communication$2eurovocfr 606 $aliberté de la presse$2eurovocfr 606 $acensure$2eurovocfr 606 $aCensorship$2fast$3(OCoLC)fst00850568 606 $aFreedom of the press$2fast$3(OCoLC)fst00934063 606 $aGovernment and the press$2fast$3(OCoLC)fst00945183 606 $aJournalists$xCrimes against$2fast$3(OCoLC)fst00984197 606 $aPress and politics$2fast$3(OCoLC)fst01075866 606 $aPersvrijheid$2gtt 606 $aCensuur$2gtt 606 $aFREEDOM OF THE PRESS$2unbist 606 $aJOURNALISTS$2unbist 606 $aPRESS$2unbist 608 $aPeriodicals.$2fast 608 $aPeriodicals.$2lcgft 615 0$aJournalists$xCrimes against 615 0$aFreedom of the press 615 0$aCensorship 615 0$aPress and politics 615 0$aGovernment and the press 615 4$aJournalists$xCrimes against$xPeriodicals. 615 4$aFreedom of the press$xPeriodicals. 615 4$aCensorship$xPeriodicals. 615 4$aGovernment and the press$xPeriodicals. 615 6$aLiberté de la presse 615 6$aJournalistes, Crimes contre les 615 6$aPresse et politique 615 7$acommunications profession. 615 7$afreedom of the press. 615 7$acensorship. 615 7$aprofession de la communication. 615 7$aliberté de la presse. 615 7$acensure. 615 7$aCensorship. 615 7$aFreedom of the press. 615 7$aGovernment and the press. 615 7$aJournalists$xCrimes against. 615 7$aPress and politics. 615 17$aPersvrijheid. 615 17$aCensuur. 615 17$aFREEDOM OF THE PRESS. 615 17$aJOURNALISTS. 615 17$aPRESS. 676 $a323.44/5/05 712 02$aCommittee to Protect Journalists. 906 $aJOURNAL 912 $a996205324403316 920 $aexl_impl conversion 996 $aAttacks on the press$92110212 997 $aUNISA